Lego Ninjago Charaktäre Quiz - Statistiken

Allgemein
  • Dieses Quiz wurde 695 mal gespielt
  • Das Durchschnittsergebnis liegt bei 11 aus 15
Antwortstatistiken
Hint Antwort % Korrekt
Meister des Feuers Kay
99%
Sensei der Ninjas Sensei Wu
98%
Meister der Blitze Jay
97%
Meister der Erde Cole
96%
Meister des Eises Zane
96%
Vater von LLoyd Lord Garmadon
94%
Ultimativer Spinjizu Meister Lloyd
91%
Schwester von Kay Nia
91%
Ihm gehört eine Nudelfabrik Meister Chen
75%
Meister des Windes Morro
75%
Meister der Braunen Kraft Dareth
59%
Meister des Metalls Karloff
53%
So wie Eisen, Eisen schärft, schärft der Sensei seine Schüler Sensei Yang
42%
Meister der Gedanken Neuro
34%
Mitbesitzer des Teeladens von Wu Ronin
34%
Keine übereinstimmenden Quizze gefunden
Verteilung der Resultate
Anzahl Personen mit jedem Resultat
Perzentil nach korrekt beantworteten Fragen
Ihre Resultats-Entwicklung
Sie haben dieses Quiz noch nicht gespielt